Statistics for Clubs of football icons - 3

Click here to take the quiz!

General Stats

  • This quiz has been taken 30 times
  • The average score is 14 of 46

Answer Stats

PlayerFootball ClubYears in club% Correct
James RodríguezBayern Munich2017-19 (loan)
100%
Jürgen KlinsmannBayern Munich1995-97
100%
George BestManchester United1961-74
100%
James RodríguezReal Madrid2014- ...
100%
PeléSantos1956-74
85%
Jürgen KlinsmannTottenham Hotspur1997-98 (loan)
73%
Jürgen KlinsmannTottenham Hotspur1994-95
73%
James RodríguezAS Monaco2013-14
69%
Jürgen KlinsmannAS Monaco1992-94
69%
Harry KewellLiverpool2003-08
69%
PeléNew York Cosmos1974-77
62%
James RodríguezFC Porto2010-13
58%
Harry KewellLeeds United1995-2003
58%
George BestCork Celtic1975-76
35%
Jürgen KlinsmannInter Milan1989-92
35%
George BestFulham1976-77
23%
George BestHong Kong Rangers1982
23%
George BestHibernian1979-80
19%
Jürgen KlinsmannOrange County Blue Star2003
19%
Jürgen KlinsmannVfB Stuttgart1984-89
19%
James RodríguezClub Atlético Banfield2008-10
15%
James RodríguezEnvigado2005-08
15%
Harry KewellGalatasaray2008-11
15%
Harry KewellMelbourne Heart2013-14
15%
PeléBauru Atlético Clube1953-56 (youth)
12%
George BestDunstable Town1974 (loan)
12%
George BestLos Angeles Aztecs1976
12%
George BestLos Angeles Aztecs1977-78
12%
Harry KewellMelbourne Victory2011-12
12%
George BestSan Jose Earthquakes1980-81
12%
James RodríguezAcademia Tolimense de Fútbol2001-05 (youth)
8%
Harry KewellAl-Gharafa2013
8%
George BestBournemouth1983
8%
George BestBrisbane Lions1983
8%
George BestFort Lauderdale Strikers1978-79
8%
George BestJewish Guild1974
8%
Harry KewellMarconi Stallions1990-95 (youth)
8%
George BestNuneaton Borough1983
8%
George BestOsborne Park Galeb1983
8%
Jürgen KlinsmannSC Geislingen1974-78 (youth)
8%
George BestSea Bee1982
8%
George BestStockport County1975
8%
Jürgen KlinsmannStuttgarter Kickers1978-84
8%
Jürgen KlinsmannTB Gingen1972-74 (youth)
8%
George BestTobermore United1984
8%
Jürgen KlinsmannUC Sampdoria1997-98
8%

Score Distribution

Percentile by Number Answered

Percent of People with Each Score

Your Score History

You have not taken this quiz